000 00675nam a22002177a 4500
005 20251108173441.0
008 250721s9999 xx 000 0 ara d
082 1 4 _aط/649.1/صبي
100 1 _aصبيح، رانيا
245 1 0 _aعندي مشكلة كيف أبدا /
264 1 _aعمان :
_bمركز زها الثقافي،
300 _a20ص.
650 1 7 _aالقصص العربيه
650 1 7 _aادب الاطفال
650 1 7 _aرعايه الطفوله
650 1 7 _aعلاقه الوالدين والاطفال
650 1 7 _aالامهات
653 _aاطفال مرحله متوسطه (6-9)سنوات
942 _2ddc
_cBK
999 _c104191
_d104191